The Skilled Helper (Record no. 13606)
[ view plain ]
| 000 -LEADER | |
|---|---|
| fixed length control field | 00343nam a2200157Ia 4500 |
| 005 - DATE AND TIME OF LATEST TRANSACTION | |
| control field | 20250508165023.0 |
| 008 - FIXED-LENGTH DATA ELEMENTS--GENERAL INFORMATION | |
| fixed length control field | 250508s9999||||xx |||||||||||||| ||und|| |
| 041 ## - LANGUAGE CODE | |
| Language code of text/sound track or separate title | English |
| 082 ## - DEWEY DECIMAL CLASSIFICATION NUMBER | |
| Classification number | 158.3 |
| Item number | EGA |
| 100 ## - MAIN ENTRY--PERSONAL NAME | |
| Personal name | Egan, Gerard |
| 245 #4 - TITLE STATEMENT | |
| Title | The Skilled Helper |
| 250 ## - EDITION STATEMENT | |
| Edition statement | 11ed |
| 260 ## - PUBLICATION, DISTRIBUTION, ETC. | |
| Name of publisher, distributor, etc. | Cengage |
| Date of publication, distribution, etc. | 2014 |
| 300 ## - PHYSICAL DESCRIPTION | |
| Extent | 432p |
| 942 ## - ADDED ENTRY ELEMENTS (KOHA) | |
| Koha item type | Book |
| Withdrawn status | Lost status | Damaged status | Not for loan | Home library | Current library | Date acquired | Source of acquisition | Total checkouts | Full call number | Barcode | Koha item type |
|---|---|---|---|---|---|---|---|---|---|---|---|
| IILM-LR | IILM-LR | 01/05/2024 | Purchased | 158.3 EGA | R0000267 | Book | |||||
| IILM-LR | IILM-LR | 01/05/2024 | Purchased | 158.3 EGA | R0000268 | Book | |||||
| IILM-LR | IILM-LR | 01/05/2024 | Purchased | 158.3 EGA | R0000269 | Book | |||||
| IILM-LR | IILM-LR | 01/05/2024 | Purchased | 158.3 EGA | R0000270 | Book | |||||
| IILM-LR | IILM-LR | 01/05/2024 | Purchased | 158.3 EGA | R0000271 | Book | |||||
| IILM-LR | IILM-LR | 01/05/2024 | Purchased | 158.3 EGA | R0000272 | Book | |||||
| IILM-LR | IILM-LR | 01/05/2024 | Purchased | 158.3 EGA | R0000273 | Book | |||||
| IILM-LR | IILM-LR | 01/05/2024 | Purchased | 158.3 EGA | R0000274 | Book |
